000 00847nam a22002297a 4500
999 _c63752
_d63752
005 20240530110657.0
008 171216s2015 ua g 000 f ara d
017 _a2015/3840
_bمصر. دار الكتب
020 _a9789774279768
040 _aEG-CaGPL
_cEG-CaGPL
082 0 4 _221
_a823\
_bم أ
100 0 _aمحمد مارمادوك بكتال
245 1 0 _aابناء النيل :
_cرواية /
_bتأليف محمد مارمادوك بكتال ؛ ترجمة سمير محفوظ بشير .
250 _aط.1
260 _aالقاهرة :
_bالدار المصرية اللبنانية ،
_c2015 .
300 _a335ص. ؛
_c22 سم.
650 0 7 _2qrmak
_aالقصص العربية
651 _2qrmak
700 0 _aسمير محفوظ بشير
_eمترجم .
942 _2ddc
_cBK